000 00764nam a2200229 i 4500
001 000027737
003 DO-SdBNP
005 20250204074049.0
007 ta
008 110404s1983 dr a 000 0 spa d
040 _aDO-SdBNP
_bspa
_cBNPHU
_erda
049 _aBNPD
082 4 _axxx
_bS944c
_222
100 1 _aSued Badillo, Jalil,
_eautor
_4aut.
_953362
245 1 0 _aCristóbal Colón y la esclavitud del indio en las Antillas /
_cJalil Sued Badillo.
264 1 _aSan Juan, Puerto Rico :
_bFundación Arqueológica, Antropológica Histórica de Puerto Rico,
_c1983.
300 _a41 páginas :
_bilustraciones ;
_c21 cm.
336 _atexto
_btxt
_2rdacontent
337 _asin mediación
_bn
_2rdamedia
338 _avolumen
_bnc
_2rdacarrier
942 _2ddc
_cLF2
999 _c27229
_d27229